000 00292nam a2200121Ia 4500
008 190902s9999||||xx |||||||||||||| ||und||
020 _a0-201-63191-1
100 _aJeremy Seward
245 0 _aHuman Resources Management
260 _aLondon
_bMcGraw Hill
_c225
300 _a2005
942 _cBK
999 _c2950
_d2950